<?xml version="1.0" encoding="UTF-8"?>
<record
    xmlns:xsi="http://www.w3.org/2001/XMLSchema-instance"
    xsi:schemaLocation="http://www.loc.gov/MARC21/slim http://www.loc.gov/standards/marcxml/schema/MARC21slim.xsd"
    xmlns="http://www.loc.gov/MARC21/slim">

  <leader>00952nam a22002177a 4500</leader>
  <controlfield tag="005">20260112125243.0</controlfield>
  <datafield tag="010" ind1=" " ind2=" ">
    <subfield code="a">HIN-130778</subfield>
  </datafield>
  <datafield tag="020" ind1=" " ind2=" ">
    <subfield code="a">9789369588787</subfield>
    <subfield code="c">599.00</subfield>
  </datafield>
  <datafield tag="035" ind1=" " ind2=" ">
    <subfield code="a">HN-103124</subfield>
  </datafield>
  <datafield tag="037" ind1=" " ind2=" ">
    <subfield code="b">DBAD </subfield>
  </datafield>
  <datafield tag="082" ind1=" " ind2=" ">
    <subfield code="a">000</subfield>
  </datafield>
  <datafield tag="100" ind1=" " ind2=" ">
    <subfield code="a">&#x92A;&#x948;&#x932;&#x935;&#x93E;&#x930;, &#x906;&#x930;. &#x90F;&#x938;</subfield>
    <subfield code="9">86296</subfield>
  </datafield>
  <datafield tag="245" ind1=" " ind2=" ">
    <subfield code="a">&#x909;&#x926;&#x94D;&#x935;&#x93E;&#x930; &#x930;&#x940;&#x91C;&#x928;&#x93F;&#x902;&#x917; /</subfield>
    <subfield code="c">&#x906;&#x930;. &#x90F;&#x938; &#x92A;&#x948;&#x932;&#x935;&#x93E;&#x930;</subfield>
  </datafield>
  <datafield tag="260" ind1=" " ind2=" ">
    <subfield code="a">&#x928;&#x908; &#x926;&#x93F;&#x932;&#x94D;&#x932;&#x940; </subfield>
    <subfield code="b">&#x90F;&#x938; &#x91A;&#x928;&#x94D;&#x926; &#x90F;&#x923;&#x94D;&#x921; &#x915;&#x902;&#x92A;&#x928;&#x940; &#x932;&#x93F;&#x92E;&#x93F;&#x91F;&#x947;&#x921;  </subfield>
    <subfield code="c">2026</subfield>
  </datafield>
  <datafield tag="270" ind1=" " ind2=" ">
    <subfield code="a">&#x90F;-27 &#x926;&#x94D;&#x935;&#x93F;&#x924;&#x940;&#x92F; &#x924;&#x932;, &#x92E;&#x94B;&#x939;&#x928; &#x938;&#x940;&#x913;&#x911;&#x92A;&#x930;&#x947;&#x91F;&#x93F;&#x902;&#x935; &#x907;&#x902;&#x921;&#x938;&#x94D;&#x91F;&#x94D;&#x930;&#x93F;&#x92F;&#x932; &#x90F;&#x938;&#x94D;&#x91F;&#x947;&#x91F; ,</subfield>
    <subfield code="b">&#x928;&#x908; &#x926;&#x93F;&#x932;&#x94D;&#x932;&#x940; </subfield>
    <subfield code="e">110044</subfield>
  </datafield>
  <datafield tag="300" ind1=" " ind2=" ">
    <subfield code="a">573&#x92A;&#x943;.</subfield>
    <subfield code="c">25&#x938;&#x947;&#x92E;&#x940; (&#x905;&#x91C;&#x93F;&#x932;&#x94D;&#x926;)</subfield>
  </datafield>
  <datafield tag="500" ind1=" " ind2=" ">
    <subfield code="a">For All Competitive Exams</subfield>
  </datafield>
  <datafield tag="650" ind1=" " ind2=" ">
    <subfield code="a">&#x939;&#x93F;&#x928;&#x94D;&#x926;&#x940; &#x928;&#x93F;&#x92C;&#x902;&#x927;</subfield>
    <subfield code="9">86297</subfield>
  </datafield>
  <datafield tag="650" ind1=" " ind2=" ">
    <subfield code="a">Hindi essays</subfield>
    <subfield code="9">86298</subfield>
  </datafield>
  <datafield tag="942" ind1=" " ind2=" ">
    <subfield code="2">ddc</subfield>
    <subfield code="c">HN</subfield>
    <subfield code="h">000</subfield>
    <subfield code="m">&#x92A;&#x948;&#x932;&#x935;&#x93E;</subfield>
  </datafield>
  <datafield tag="999" ind1=" " ind2=" ">
    <subfield code="c">214078</subfield>
    <subfield code="d">214078</subfield>
  </datafield>
  <datafield tag="952" ind1=" " ind2=" ">
    <subfield code="0">0</subfield>
    <subfield code="1">0</subfield>
    <subfield code="4">0</subfield>
    <subfield code="7">0</subfield>
    <subfield code="8">NFIC</subfield>
    <subfield code="a">BN</subfield>
    <subfield code="b">BN</subfield>
    <subfield code="d">2026-01-12</subfield>
    <subfield code="e">DBAD</subfield>
    <subfield code="g">599.00</subfield>
    <subfield code="l">0</subfield>
    <subfield code="o">000 &#x92A;&#x948;&#x932;&#x935;&#x93E;</subfield>
    <subfield code="p">HN-103124</subfield>
    <subfield code="r">2026-01-12 00:00:00</subfield>
    <subfield code="t">1</subfield>
    <subfield code="v">599.00</subfield>
    <subfield code="w">2026-01-12</subfield>
    <subfield code="y">HN</subfield>
  </datafield>
</record>
